Lego themes - Statistics

General Stats
  • This quiz has been taken 78 times
  • The average score is 32 of 144
Answer Stats
themes % Correct
Star Wars
82%
City
80%
Ninja
75%
Friends
71%
Ninjago
65%
Batman
61%
Harry Potter
55%
Technic
55%
Creator
49%
Architecture
47%
Castle
47%
Spider-Man
47%
Disney
45%
Duplo
45%
Pirates
45%
Pirates of the Caribbean
45%
Space
43%
Indiana Jones
41%
Mario
41%
Minecraft
41%
The Lord of the Rings
37%
Art
33%
Bionicle
33%
Power Miners
33%
The Hobbit
33%
Atlantis
31%
Avatar
31%
Avatar: The Last Airbender
31%
Icons
31%
Nexo Knights
31%
SpongeBob SquarePants
31%
Classic
29%
Jurassic World
29%
Ghostbusters
27%
Hero Factory
27%
Lego Movie
27%
Minifigures
27%
Sonic the Hedgehog
27%
Speed Champions
27%
BrickHeadz
25%
Legends of Chima
25%
Marvel Super Heroes
25%
Super Heroes
25%
Agents
24%
Dino
24%
Elves
24%
Monkie Kid
24%
Monster Fighters
24%
Stranger Things
24%
Toy Story
24%
Animal Crossing
22%
Despicable Me
22%
Dimensions
22%
Dots
22%
Simpsons
22%
Speed Racer
22%
Dreamzzz
20%
Hidden Side
20%
Jack Stone
20%
Racers
20%
Rock Raiders
20%
The Angry Birds Movie
20%
Town
20%
Aqua Raiders
18%
Belville
18%
Fabuland
18%
Galidor
18%
Mixels
18%
Prince of Persia
18%
Scala
18%
Studios
18%
Teenage Mutant Ninja Turtles
18%
Ultra Agents
18%
Vikings
18%
Back to the Future
16%
Boats
16%
Dinosaurs
16%
Education
16%
Exo-Force
16%
Gabby's Dollhouse
16%
Games
16%
Scooby-Doo
16%
Sports
16%
The Powerpuff Girls
16%
Trains
16%
Vidiyo
16%
Alpha Team
14%
Baby
14%
Ben 10
14%
Boost
14%
Dino Attack
14%
Discovery
14%
Dune
14%
Horizon
14%
Juniors
14%
Mickey Mouse
14%
Mindstorms
14%
Model Team
14%
Overwatch
14%
Primo
14%
Transformers
14%
Wild West
14%
Adventures
12%
Aquazone
12%
Dacta
12%
Factory
12%
Homemaker
12%
Lego Batman Movie
12%
Lego Ninjago Movie
12%
Power Functions
12%
QUATRO
12%
Trolls World Tour
12%
Winnie the Pooh
12%
World Racers
12%
Xtra
12%
Zelda
12%
Znap
12%
4+
10%
Bricks and More
10%
Brick Sketches
10%
Clikits
10%
DC super hero girls
10%
FORMA
10%
Fusion
10%
Time Cruisers
10%
Unikitty
10%
World City
10%
Braille Bricks
8%
Island Xtreme Stunts
8%
Little Robots
8%
RoboRiders
8%
Serious Play
8%
Thomas & Friends
8%
Master Builders Academy
6%
Muji
6%
Powered Up
6%
Slizer
6%
Spybotics
6%
Creative Building
4%
Marvel Avengers
4%
Originals
4%
The Lone Rangers
2%
Life of Geogre
0%
Pharaoh's Curse
0%
No matching quizzes found
Score Distribution
Percent of People with Each Score
Percentile by Number Answered
Your Score History
You have not taken this quiz